[Event "14. Lichtenberger Sommer"]
[Site "14. Lichtenberger Sommer"]
[Date "2015.08.23"]
[Round "9.64"]
[White "Jansen, Robert"]
[Black "Bonke, Hans-Jürgen"]
[Result "1-0"]
[WhiteElo "1757"]
[BlackElo "1962"]
[PlyCount "79"]
[EventDate "2015.??.??"]
[WhiteTeam "SC Kreuzberg"]
[BlackTeam "SC Kreuzberg"]

1. d4 g6 2. e4 Bg7 3. Nf3 d6 4. Nc3 e6 5. Bg5 Ne7 6. Qd2 h6 7. Be3 a6 8. Bd3
Nd7 9. h4 Nf6 10. O-O-O b5 11. e5 Nfd5 12. h5 g5 13. Ne4 Nxe3 14. Qxe3 Nd5 15.
Qd2 b4 16. Bc4 Rb8 17. Rhe1 Bb7 18. Nh2 Nb6 19. Bb3 a5 20. a3 bxa3 21. bxa3 a4
22. Ba2 Bd5 23. Bxd5 Nxd5 24. Ng4 O-O 25. f4 gxf4 26. g3 dxe5 27. dxe5 Qe7 28.
Qd3 fxg3 29. Qxg3 Kh8 30. Rd3 Rg8 31. Qf2 Bf8 32. Rg1 Nb4 33. axb4 Qxb4 34. Qd4
Qb1+ 35. Kd2 Bb4+ 36. Ke2 Qxc2+ 37. Nd2 Rbd8 38. Qxd8 Qc5 39. Qf6+ Rg7 40. Ne3
1-0

[Event "14. Lichtenberger Sommer"]
[Site "14. Lichtenberger Sommer"]
[Date "2015.08.23"]
[Round "9.65"]
[White "Dittrich, Hans-Georg"]
[Black "Schmalzried, Volker"]
[Result "1-0"]
[WhiteElo "1722"]
[BlackElo "1881"]
[PlyCount "85"]
[EventDate "2015.??.??"]
[WhiteTeam "SG Stadtilm"]
[BlackTeam "vereinslos"]

1. e4 c5 2. Nf3 Nc6 3. d4 cxd4 4. Nxd4 g6 5. Nc3 Bg7 6. Be3 d6 7. Qd2 Nf6 8. f3
O-O 9. O-O-O a6 10. g4 Nxd4 11. Bxd4 b5 12. g5 Nd7 13. Bxg7 Kxg7 14. Nd5 Bb7
15. Kb1 Bxd5 16. Qxd5 Rc8 17. Bh3 Rc7 18. f4 f6 19. Rhf1 Nb6 20. gxf6+ Rxf6 21.
Qd4 Rc4 22. Qe3 Qc7 23. e5 dxe5 24. Qxe5 Qxe5 25. fxe5 Rxf1 26. Rxf1 Re4 27. e6
Rh4 28. Rf7+ Kh6 29. Bf1 Re4 30. b3 Rxe6 31. c4 bxc4 32. bxc4 Na4 33. Kc2 Rf6
34. Rxf6 exf6 35. Kd3 f5 36. Kd4 Kg5 37. c5 Kf6 38. Bxa6 Ke7 39. Bb5 Nb2 40.
Ke5 Nd1 41. c6 Kd8 42. Kd6 Nc3 43. c7+ 1-0

[Event "14. Lichtenberger Sommer"]
[Site "14. Lichtenberger Sommer"]
[Date "2015.08.23"]
[Round "9.66"]
[White "Sia, Davin"]
[Black "Birkestrand, Odd"]
[Result "0-1"]
[WhiteElo "1511"]
[BlackElo "1789"]
[PlyCount "72"]
[EventDate "2015.??.??"]
[WhiteTeam "Lasker Steglitz-Wilmersdorf"]
[BlackTeam "Masfjorden Sjakklubb"]

1. e4 e5 2. Nf3 Nc6 3. Bc4 Nf6 4. d3 Be7 5. Nc3 O-O 6. h3 d6 7. Be3 Na5 8. Bb3
Nxb3 9. axb3 a6 10. O-O h6 11. Nd2 d5 12. d4 exd4 13. Bxd4 c5 14. Bxf6 Bxf6 15.
exd5 Bxc3 16. bxc3 Qxd5 17. Nc4 Qc6 18. Re1 Be6 19. Ne5 Qc7 20. Qh5 f6 21. Ng6
Bf7 22. Ne7+ Qxe7 23. Qf5 Qc7 24. Ra4 Rae8 25. Rd1 Re5 26. Qf3 Rfe8 27. Kf1 Bh5
28. g4 Bg6 29. Rc1 Be4 30. Qg3 Bc6 31. Rf4 Qe7 32. f3 Re2 33. Rd1 Rxc2 34. Re1
Qxe1+ 35. Qxe1 Rxe1+ 36. Kxe1 Rxc3 0-1

[Event "14. Lichtenberger Sommer"]
[Site "14. Lichtenberger Sommer"]
[Date "2015.08.23"]
[Round "9.67"]
[White "Große-Honebrink, Brigitte"]
[Black "Steiner, Dominik"]
[Result "1/2-1/2"]
[WhiteElo "1887"]
[BlackElo "1622"]
[PlyCount "62"]
[EventDate "2015.??.??"]
[WhiteTeam "SC Kreuzberg"]
[BlackTeam "SR Heuberg-Gosheim"]

1. d4 d5 2. Nf3 Nf6 3. c4 c6 4. cxd5 cxd5 5. Nc3 Bg4 6. Qa4+ Nc6 7. Ne5 Bd7 8.
Nxd7 Qxd7 9. e3 a6 10. Be2 e6 11. Bd2 Be7 12. Rc1 Rc8 13. O-O O-O 14. a3 Bd6
15. Qd1 Qc7 16. h3 Qe7 17. Bf3 h6 18. Na4 Nd7 19. b4 b5 20. Nc5 Nxc5 21. bxc5
Bc7 22. Rb1 Rb8 23. Be2 Rb7 24. Qc2 Rfb8 25. Qa2 Qe8 26. a4 Qc8 27. Rfc1 Ra8
28. Qb2 b4 29. Bd3 a5 30. Be1 Rbb8 31. f4 f5 1/2-1/2

[Event "14. Lichtenberger Sommer"]
[Site "14. Lichtenberger Sommer"]
[Date "2015.08.23"]
[Round "9.68"]
[White "Allaart, Jesse"]
[Black "Hörmann, David"]
[Result "0-1"]
[WhiteElo "1546"]
[BlackElo "2055"]
[PlyCount "86"]
[EventDate "2015.??.??"]
[WhiteTeam "HMC Den Bosch"]
[BlackTeam "SC Weisse Dame (Berlin)"]

1. e4 c5 2. Nc3 e6 3. f4 d6 4. Nf3 a6 5. g3 b5 6. Bg2 Bb7 7. d3 Nf6 8. O-O Be7
9. h3 O-O 10. g4 Nc6 11. Ne2 Re8 12. Qe1 Nb4 13. Qd2 Qb6 14. Kh1 Nd7 15. c3 Nc6
16. f5 exf5 17. gxf5 Nce5 18. Rg1 Nxf3 19. Bxf3 Ne5 20. Qh6 Bf8 21. Qf4 Nxd3
22. Qg3 Nxc1 23. Raxc1 Bxe4 24. Bxe4 Rxe4 25. Nf4 Qc6 26. Rg2 d5 27. Rcg1 Rae8
28. Nh5 g6 29. Qg5 Bg7 30. Nxg7 Kxg7 31. Rf2 Qd6 32. f6+ Kg8 33. Qh6 Qf8 34.
Qh5 R4e5 35. Qg4 Qd6 36. h4 h5 37. Qf4 Kh7 38. Rfg2 R8e6 39. Rf2 Re4 40. Qg5 d4
41. cxd4 Qxd4 42. Rh2 Rxf6 43. Rc1 Rg4 0-1

[Event "14. Lichtenberger Sommer"]
[Site "14. Lichtenberger Sommer"]
[Date "2015.08.23"]
[Round "9.69"]
[White "Farnault, Eric"]
[Black "Wolff, Marie Antoinette"]
[Result "0-1"]
[WhiteElo "2032"]
[BlackElo "1643"]
[PlyCount "114"]
[EventDate "2015.??.??"]
[WhiteTeam "La Diagonale - Eybens"]
[BlackTeam "Leegebrucher SF"]

1. e4 c5 2. Nf3 Nc6 3. d4 cxd4 4. Nxd4 d6 5. Be2 Nf6 6. Nc3 g6 7. O-O Bg7 8.
Kh1 O-O 9. Be3 a6 10. f4 e5 11. Nxc6 bxc6 12. f5 d5 13. Bc5 Re8 14. fxg6 hxg6
15. Bf3 Be6 16. Qe2 Nd7 17. Ba3 Nf6 18. Rad1 Qa5 19. Qe1 d4 20. Nd5 Qxe1 21.
Nxf6+ Bxf6 22. Rdxe1 Be7 23. Bxe7 Rxe7 24. Be2 a5 25. a3 Rb7 26. b3 c5 27. a4
Rc7 28. Rb1 Rb8 29. Bc4 Bxc4 30. bxc4 Rb4 31. Rb3 Rxc4 32. Ra1 Rxc2 33. Rb5 d3
34. Rd1 d2 35. Rb8+ Kg7 36. Rd8 Rb7 37. h3 Rb4 38. R1xd2 Rxd2 39. Rxd2 Rxa4 40.
Rd5 Rxe4 41. Rxc5 a4 42. Kg1 Kf6 43. Kf2 Rb4 44. Ra5 Kf5 45. g3 Rb2+ 46. Kf3
Rb3+ 47. Kg2 a3 48. h4 Rb2+ 49. Kh3 a2 50. g4+ Kf4 51. Ra4+ e4 52. h5 Rb3+ 53.
Kg2 Rg3+ 54. Kh2 Rxg4 55. hxg6 fxg6 56. Rxa2 g5 57. Ra5 e3 0-1

[Event "14. Lichtenberger Sommer"]
[Site "14. Lichtenberger Sommer"]
[Date "2015.08.23"]
[Round "9.70"]
[White "Oginski, Ulrich"]
[Black "Wallmann, Bodo"]
[Result "1-0"]
[WhiteElo "1885"]
[BlackElo "1834"]
[PlyCount "71"]
[EventDate "2015.??.??"]
[WhiteTeam "SC Weisse Dame (Berlin)"]
[BlackTeam "SC Kreuzberg"]

1. d4 Nf6 2. c4 g6 3. Nc3 Bg7 4. e4 d6 5. f3 O-O 6. Be3 Nbd7 7. Qd2 Re8 8. Nge2
c6 9. d5 Qc7 10. Ng3 Ne5 11. Be2 a6 12. Rc1 c5 13. O-O Rb8 14. a3 Qa5 15. Rb1
Bd7 16. h3 Bc8 17. b4 cxb4 18. axb4 Qc7 19. c5 Ned7 20. Rfc1 dxc5 21. Bf4 Ne5
22. Na4 Nfd7 23. bxc5 Nf8 24. Nb6 Nfd7 25. Nxd7 Bxd7 26. Nf1 Rbd8 27. Be3 Qc8
28. f4 Nc6 29. dxc6 Bxc6 30. Qc2 e5 31. Bf3 exf4 32. Bxf4 Qe6 33. Rd1 Rxd1 34.
Rxd1 Bxe4 35. Qxe4 Qxe4 36. Bxe4 1-0

[Event "14. Lichtenberger Sommer"]
[Site "14. Lichtenberger Sommer"]
[Date "2015.08.23"]
[Round "9.71"]
[White "Scheide, Helmut"]
[Black "Strowig, Justin"]
[Result "1-0"]
[WhiteElo "1959"]
[BlackElo "1835"]
[PlyCount "69"]
[EventDate "2015.??.??"]
[WhiteTeam "USV Potsdam"]
[BlackTeam "SV Mattnetz Berlin"]

1. Nf3 c5 2. e3 Nc6 3. d4 Nf6 4. c4 d5 5. Nc3 e6 6. a3 Be7 7. Bd3 b6 8. O-O Bb7
9. cxd5 exd5 10. Re1 O-O 11. Bc2 Na5 12. Ne5 c4 13. Qf3 h5 14. Rb1 a6 15. Ne2
Bc8 16. h3 h4 17. Nf4 b5 18. Bd2 Nb3 19. Bxb3 cxb3 20. Nc6 Qe8 21. Nxe7+ Qxe7
22. Bb4 Qe8 23. Nxd5 Nxd5 24. Qxd5 Be6 25. Qd6 Bf5 26. e4 Bxe4 27. f3 Bxb1 28.
Rxe8 Rfxe8 29. d5 Rac8 30. Qf4 Rc2 31. d6 Kh7 32. d7 Ree2 33. Qxh4+ Kg6 34.
Qg4+ Kh7 35. Qh5+ 1-0

[Event "14. Lichtenberger Sommer"]
[Site "14. Lichtenberger Sommer"]
[Date "2015.08.23"]
[Round "9.72"]
[White "Weber, Sandra"]
[Black "Engelhardt, Erhard"]
[Result "1/2-1/2"]
[WhiteElo "1837"]
[BlackElo "1805"]
[PlyCount "86"]
[EventDate "2015.??.??"]
[WhiteTeam "SV Stuttgart-Wolfbusch"]
[BlackTeam "SSV Rotation Berlin"]

1. e4 d5 2. exd5 Qxd5 3. Nc3 Qd6 4. d4 Nf6 5. Nge2 c6 6. g3 Bf5 7. Bf4 Qd8 8.
Bg2 e6 9. O-O Bd6 10. Bg5 Be7 11. Re1 O-O 12. Bxf6 Bxf6 13. Be4 Bxe4 14. Nxe4
Nd7 15. c3 Qc7 16. Nf4 g6 17. Qb3 Rfe8 18. Rad1 Rad8 19. Nd3 Bg7 20. Qa3 Nb6
21. Qb3 Nc8 22. Nec5 Re7 23. Qc2 b6 24. Ne4 Red7 25. Qe2 Nd6 26. Ng5 Re7 27. f4
h6 28. Nf3 Rde8 29. Qg2 f6 30. Qc2 Nf7 31. Nf2 f5 32. Nd3 Bf6 33. Re2 Nd6 34.
Rde1 Ne4 35. Nf2 Nxf2 36. Kxf2 c5 37. Qd2 Kf7 38. d5 exd5 39. Qxd5+ Kg7 40.
Rxe7+ Rxe7 41. Rxe7+ Qxe7 42. Nd2 Qd8 43. Qxd8 Bxd8 1/2-1/2

[Event "14. Lichtenberger Sommer"]
[Site "14. Lichtenberger Sommer"]
[Date "2015.08.23"]
[Round "9.73"]
[White "Jacob, Karl"]
[Black "Reck, Jessica"]
[Result "1/2-1/2"]
[WhiteElo "1784"]
[BlackElo "1655"]
[PlyCount "55"]
[EventDate "2015.??.??"]
[WhiteTeam "SF Hettstedt"]
[BlackTeam "VfB Hermsdorf"]

1. Nf3 g6 2. d4 Bg7 3. Bf4 Nf6 4. e3 O-O 5. c3 d6 6. Bc4 Nbd7 7. Nbd2 Qe8 8.
O-O e5 9. dxe5 dxe5 10. Bg3 h6 11. h3 c6 12. Qc2 Kh7 13. Rad1 Nh5 14. Ne4 Nxg3
15. Nxg3 b5 16. Be2 Nc5 17. Ne4 Bf5 18. Bd3 Nxd3 19. Qxd3 Rd8 20. Qc2 Qe7 21.
g4 Be6 22. Ned2 f5 23. Kh1 fxg4 24. hxg4 Bxg4 25. Qe4 Rxd2 26. Qxg4 Rxd1 27.
Rxd1 Qf6 28. Kg2 1/2-1/2

[Event "14. Lichtenberger Sommer"]
[Site "14. Lichtenberger Sommer"]
[Date "2015.08.23"]
[Round "9.75"]
[White "Schmidt, Fabian"]
[Black "Zenkner, Christian"]
[Result "0-1"]
[WhiteElo "1766"]
[BlackElo "1919"]
[PlyCount "70"]
[EventDate "2015.??.??"]
[WhiteTeam "Königsjäger Süd-West"]
[BlackTeam "SC Zugzwang 95 (Berlin)"]

1. e4 e5 2. Nf3 Nc6 3. d4 exd4 4. Nxd4 Ne5 5. f4 Ng6 6. Bc4 d6 7. O-O Nh6 8.
Nc3 c6 9. a4 Be7 10. f5 Ne5 11. Bxh6 gxh6 12. Bb3 Bg5 13. Kh1 Qf6 14. h3 Bd7
15. Nde2 O-O-O 16. Nf4 Bxf4 17. Rxf4 Rhg8 18. Qe2 Rg3 19. Qf2 Rdg8 20. Ne2 Rxg2
21. Qxg2 Rxg2 22. Kxg2 Qg5+ 23. Kh2 h5 24. Rg1 Qh6 25. Rg3 h4 26. Rg8+ Kc7 27.
Kg1 c5 28. Nc3 Bc6 29. Rf1 Qe3+ 30. Kh2 c4 31. Ba2 Bxe4 32. Rg7 Bc6 33. Rg2
Nf3+ 34. Kh1 Ne1 35. Rfg1 Qxh3# 0-1

[Event "14. Lichtenberger Sommer"]
[Site "14. Lichtenberger Sommer"]
[Date "2015.08.23"]
[Round "9.76"]
[White "Boeck, Rüdiger"]
[Black "Radjenovic, Branko"]
[Result "0-1"]
[WhiteElo "1815"]
[BlackElo "1813"]
[PlyCount "70"]
[EventDate "2015.??.??"]
[WhiteTeam "SC Weiße Dame Ulm"]
[BlackTeam "SK Dragojle Babic (Berlin)"]

1. e4 Nf6 2. e5 Nd5 3. d4 d6 4. c4 Nb6 5. Nf3 Bg4 6. Be2 Nc6 7. exd6 cxd6 8. d5
Bxf3 9. Bxf3 Ne5 10. b3 g6 11. Bb2 Bg7 12. Nc3 O-O 13. O-O Rc8 14. Be2 h5 15.
f4 Nexc4 16. bxc4 Nxc4 17. Bxc4 Qb6+ 18. Rf2 Bd4 19. Bb3 Bxf2+ 20. Kf1 Be3 21.
f5 a5 22. g4 Qb4 23. gxh5 Qf4+ 24. Ke2 Bb6 25. Qd2 Qg4+ 26. Ke1 Qxh5 27. Ne2
Qxf5 28. Ng3 Qh3 29. Ba4 Bg1 30. Nf1 Qh4+ 31. Ng3 Bxh2 32. Bd7 Bxg3+ 33. Ke2
Qe4+ 34. Kd1 Rc2 35. Qxc2 Qe1# 0-1

[Event "14. Lichtenberger Sommer"]
[Site "14. Lichtenberger Sommer"]
[Date "2015.08.23"]
[Round "9.77"]
[White "Scholta, Danilo"]
[Black "Mueller, Jörg René"]
[Result "1/2-1/2"]
[WhiteElo "1861"]
[BlackElo "1489"]
[PlyCount "58"]
[EventDate "2015.??.??"]
[WhiteTeam "SV Empor Berlin"]
[BlackTeam "SC Zugzwang 95 (Berlin)"]

1. d4 c5 2. e3 cxd4 3. exd4 Nf6 4. Bd3 d6 5. h3 g6 6. Nf3 Bg7 7. O-O O-O 8. Re1
Re8 9. Nc3 a6 10. Bg5 Nbd7 11. Bc4 Qc7 12. Bb3 h6 13. Bh4 e6 14. Qd3 d5 15. Bg3
Qc6 16. Re2 Ne4 17. Nxe4 dxe4 18. Qxe4 Qxe4 19. Rxe4 b5 20. c3 Bb7 21. Re3 Rac8
22. Ne5 Nxe5 23. Bxe5 Bxe5 24. Rxe5 Kg7 25. a3 Re7 26. Rae1 Kf6 27. d5 Rc5 28.
dxe6 Rxe6 29. Rxe6+ fxe6 1/2-1/2

[Event "14. Lichtenberger Sommer"]
[Site "14. Lichtenberger Sommer"]
[Date "2015.08.23"]
[Round "9.78"]
[White "Bieber, Rainer"]
[Black "Kostanyan, Hakob"]
[Result "1-0"]
[WhiteElo "1745"]
[BlackElo "1583"]
[PlyCount "57"]
[EventDate "2015.??.??"]
[WhiteTeam "SV Empor Berlin"]
[BlackTeam "SC Weisse Dame (Berlin)"]

1. e4 c5 2. Nf3 d6 3. d4 cxd4 4. Nxd4 Nf6 5. Nc3 a6 6. Bc4 e6 7. Bb3 b5 8. O-O
Be7 9. Qf3 e5 10. Nf5 O-O 11. Nxe7+ Qxe7 12. Bg5 Be6 13. Bd5 Ra7 14. a3 Nbd7
15. Rfe1 Rc7 16. Re3 Qe8 17. Qg3 Nh5 18. Qh4 g6 19. Bh6 Ng7 20. g4 Qd8 21. Bg5
Qe8 22. Rf1 f6 23. Bh6 Nb6 24. Bxe6+ Qxe6 25. f4 exf4 26. Rh3 Rcf7 27. Bxf4 Ne8
28. Bh6 Ng7 29. Be3 1-0

[Event "14. Lichtenberger Sommer"]
[Site "14. Lichtenberger Sommer"]
[Date "2015.08.23"]
[Round "9.79"]
[White "Schmidt, Rico"]
[Black "Grassi, Fabrizio"]
[Result "1/2-1/2"]
[WhiteElo "1828"]
[BlackElo "1870"]
[PlyCount "98"]
[EventDate "2015.??.??"]
[WhiteTeam "SG Weißensee 49"]
[BlackTeam "SV Berlin-Friedrichstadt"]

1. Nf3 d5 2. g3 Nf6 3. Bg2 Bf5 4. O-O e6 5. d3 h6 6. Nbd2 Be7 7. Qe1 O-O 8. e4
dxe4 9. dxe4 Bh7 10. Ne5 Qd4 11. Nec4 Nc6 12. c3 Qd7 13. a4 Rad8 14. Kh1 a6 15.
f4 b5 16. axb5 axb5 17. Na5 Nxa5 18. Rxa5 Bc5 19. Nc4 c6 20. Ne5 Qc7 21. Ra6
Qb7 22. Rxc6 Bd6 23. Qe3 Bxe5 24. fxe5 Qxc6 25. exf6 g5 26. h4 Kh8 27. hxg5
hxg5 28. e5 Qd7 29. Qxg5 Rg8 30. Qh4 Qd3 31. Bh6 Rxg3 32. Kh2 Rxg2+ 33. Kxg2
Qe4+ 34. Qxe4 Bxe4+ 35. Kf2 Kh7 36. Ke3 Bd5 37. Bg7 Bc6 38. Rf2 Rd1 39. Kf4 Rh1
40. Ke3 Rh4 41. Rf4 Rxf4 42. Kxf4 Kg6 43. Ke3 Bd5 44. Kd4 Kf5 45. Bf8 Bc4 46.
Bd6 Kf4 47. Kc5 Ke4 48. Kb4 Kd5 49. Bb8 Be2 1/2-1/2

[Event "14. Lichtenberger Sommer"]
[Site "14. Lichtenberger Sommer"]
[Date "2015.08.23"]
[Round "9.82"]
[White "Bullig, Reinhard"]
[Black "Lischeid, Kilian"]
[Result "1/2-1/2"]
[WhiteElo "1772"]
[BlackElo "1652"]
[PlyCount "66"]
[EventDate "2015.??.??"]
[WhiteTeam "SF 1903 Berlin"]
[BlackTeam "Schachunion Berlin"]

1. c4 Nf6 2. Nc3 e5 3. e4 Nc6 4. g3 Bc5 5. Bg2 d6 6. Nge2 Be6 7. d3 Ng4 8. O-O
Qd7 9. h3 Nf6 10. Kh2 h6 11. Be3 O-O 12. Bxc5 dxc5 13. Nd5 Nh7 14. f4 f6 15. f5
Bf7 16. g4 Ne7 17. h4 c6 18. Nxe7+ Qxe7 19. Ng3 Rfd8 20. Qc2 Rd4 21. Ne2 Rd6
22. Rf3 Rad8 23. Ng3 Qc7 24. Bf1 b5 25. b3 bxc4 26. bxc4 Rb8 27. Be2 Rb4 28.
Rff1 Rd8 29. Rfb1 Rdb8 30. Rb3 R8b7 31. Bd1 Qd7 32. Qe2 Qd4 33. Rab1 a5 1/2-1/2

[Event "14. Lichtenberger Sommer"]
[Site "14. Lichtenberger Sommer"]
[Date "2015.08.23"]
[Round "9.83"]
[White "Weiß, Daniel"]
[Black "Krüger, Ekkehard"]
[Result "0-1"]
[WhiteElo "1741"]
[BlackElo "1813"]
[PlyCount "128"]
[EventDate "2015.??.??"]
[WhiteTeam "SF Nordost Berlin"]
[BlackTeam "Narva Berlin"]

1. d4 Nf6 2. Nf3 d5 3. Bf4 e6 4. e3 c5 5. c3 Nc6 6. Bd3 c4 7. Bc2 a6 8. O-O b5
9. Ne5 Bb7 10. Nd2 Be7 11. Qf3 Nd7 12. Qh5 g6 13. Qh3 Ndxe5 14. dxe5 h5 15. e4
g5 16. exd5 gxf4 17. dxc6 Bxc6 18. Ne4 Qc7 19. Nf6+ Bxf6 20. exf6 O-O-O 21. f3
Qb6+ 22. Kh1 Rd2 23. Be4 Rxb2 24. Rad1 Bxe4 25. fxe4 Qe3 26. Qf3 Rg8 27. e5
Qxf3 28. Rxf3 Rgxg2 29. Rh3 Rg5 30. Rf3 Rxe5 31. Rxf4 Rxa2 32. Rfd4 Rd5 33.
Rxd5 exd5 34. Rxd5 Kc7 35. Kg1 Kc6 36. Re5 b4 37. cxb4 c3 38. Rc5+ Kd6 39. Rxc3
Ra4 40. Rb3 Ke6 41. b5 axb5 42. Rxb5 h4 43. Rb6+ Kf5 44. Kg2 Ra3 45. Rb5+ Kxf6
46. Rh5 h3+ 47. Rxh3 Ra2+ 48. Kg1 Ke5 49. Rb3 f5 50. Rb5+ Kf4 51. Rb4+ Kg5 52.
Rc4 f4 53. h4+ Kg4 54. h5 Kg3 55. Rc1 Ra6 56. Kh1 Ra5 57. h6 Rh5+ 58. Kg1 Rxh6
59. Rf1 Re6 60. Kh1 f3 61. Kg1 Re2 62. Rd1 Rg2+ 63. Kf1 Rh2 64. Kg1 f2+ 0-1

[Event "14. Lichtenberger Sommer"]
[Site "14. Lichtenberger Sommer"]
[Date "2015.08.23"]
[Round "9.84"]
[White "Bernstein, Jeremy"]
[Black "Olaizola, Miguel"]
[Result "0-1"]
[WhiteElo "1552"]
[BlackElo "1804"]
[PlyCount "56"]
[EventDate "2015.??.??"]
[WhiteTeam "SC Kreuzberg"]
[BlackTeam "SK Zehlendorf"]

1. d4 Nf6 2. c4 d5 3. Nc3 c6 4. e3 g6 5. Nf3 Bg7 6. b3 O-O 7. Bd3 dxc4 8. bxc4
Bg4 9. h3 Qa5 10. Bd2 Qh5 11. Be2 Nbd7 12. Nh2 Bxe2 13. Qxe2 Qxe2+ 14. Kxe2 e5
15. Nf3 exd4 16. exd4 Rfe8+ 17. Kd3 Rad8 18. Kc2 Nb6 19. Kd3 Nfd7 20. Ne4 Nxc4
21. Kxc4 Rxe4 22. Bc3 Re2 23. Rhb1 Nb6+ 24. Kd3 Rxf2 25. Ba5 c5 26. Bxb6 axb6
27. Rxb6 Bxd4 28. Nxd4 Rxd4+ 0-1

[Event "14. Lichtenberger Sommer"]
[Site "14. Lichtenberger Sommer"]
[Date "2015.08.23"]
[Round "9.85"]
[White "Seitz, Patrick"]
[Black "Pathasart, Somchay"]
[Result "1-0"]
[WhiteElo "1665"]
[BlackElo "1375"]
[PlyCount "57"]
[EventDate "2015.??.??"]
[WhiteTeam "SR Heuberg-Gosheim"]
[BlackTeam "vereinslos"]

1. e4 e5 2. Nf3 d6 3. Nc3 Nf6 4. d4 exd4 5. Nxd4 Bd7 6. Bc4 h6 7. O-O Nc6 8.
Be3 Nxd4 9. Bxd4 c5 10. Be3 b5 11. Nxb5 Qb6 12. Qd3 Ng4 13. Bf4 Ne5 14. Bxe5
dxe5 15. Rad1 Rd8 16. Qd5 Be6 17. Qxe5 a6 18. Bxe6 fxe6 19. Nc7+ Ke7 20. Nd5+
Rxd5 21. exd5 Qd6 22. Qe4 g5 23. Rfe1 e5 24. Qxe5+ Qxe5 25. Rxe5+ Kd7 26. d6 c4
27. Rc5 Bg7 28. Rc7+ Kd8 29. Rxg7 1-0

[Event "14. Lichtenberger Sommer"]
[Site "14. Lichtenberger Sommer"]
[Date "2015.08.23"]
[Round "9.86"]
[White "Hüls, Maximilian"]
[Black "Schilly, Hans-Joachim"]
[Result "1-0"]
[WhiteElo "1552"]
[BlackElo "1839"]
[PlyCount "87"]
[EventDate "2015.??.??"]
[WhiteTeam "SV Mattnetz Berlin"]
[BlackTeam "SF Siemensstadt"]

1. e4 c6 2. d4 d5 3. exd5 cxd5 4. Bd3 Nc6 5. c3 Nf6 6. Bf4 e6 7. Nf3 Be7 8. O-O
O-O 9. Nbd2 a6 10. Ne5 Bd7 11. Ndf3 Nh5 12. Bg3 b5 13. Bc2 Nxg3 14. hxg3 f5 15.
Qe2 Rf6 16. Rfe1 Rc8 17. Bb3 Rh6 18. Bxd5 Nxe5 19. Nxe5 exd5 20. Nxd7 Bd6 21.
Ne5 g5 22. f3 Qe8 23. Kf2 Rc7 24. Qd2 Qd8 25. Re2 Bxe5 26. Rxe5 Rf7 27. Rae1
Kg7 28. Re8 Qf6 29. Qe3 f4 30. Qe5 fxg3+ 31. Kxg3 Rg6 32. Qxf6+ Rgxf6 33. Rd8
h5 34. Rxd5 Kg6 35. Ree5 h4+ 36. Kf2 Rf5 37. Rxf5 Rxf5 38. Rxf5 Kxf5 39. Ke3 a5
40. b4 axb4 41. cxb4 g4 42. fxg4+ Kxg4 43. d5 Kf5 44. Kd4 1-0

[Event "14. Lichtenberger Sommer"]
[Site "14. Lichtenberger Sommer"]
[Date "2015.08.23"]
[Round "9.87"]
[White "Fischer, Maxi"]
[Black "Kling, Maximilian"]
[Result "0-1"]
[WhiteElo "1665"]
[BlackElo "1759"]
[PlyCount "137"]
[EventDate "2015.??.??"]
[WhiteTeam "SV Empor Berlin e.V."]
[BlackTeam "SK Kriegshaber"]

1. e4 d5 2. exd5 Qxd5 3. Nc3 Qa5 4. d4 c6 5. Bf4 Nf6 6. Nge2 Bf5 7. Qd2 e6 8.
Ng3 Bg6 9. Bd3 Nbd7 10. Nge2 Nd5 11. Bxg6 hxg6 12. Nxd5 Qxd2+ 13. Kxd2 cxd5 14.
c3 Nf6 15. f3 Nd7 16. Nc1 Nb6 17. b3 Nc8 18. Nd3 b6 19. Rac1 Nd6 20. Ne5 Rc8
21. Kd3 Be7 22. g4 Rh3 23. Bg3 Rh6 24. Ke2 Nb5 25. Be1 Nxd4+ 26. Kd3 Nc6 27.
Nxc6 Rxc6 28. Bg3 Rh3 29. Ke2 Bd6 30. Bxd6 Rxd6 31. Kf2 Ke7 32. Kg2 Rh8 33. Rc2
Rc8 34. Rhc1 Rdc6 35. Kf2 b5 36. Ke3 a5 37. Kd3 g5 38. Kd4 Rb8 39. Re2 Rd8 40.
Rec2 f6 41. Re2 e5+ 42. Kd3 d4 43. c4 b4 44. Rd1 Kd6 45. Ke4 g6 46. Rf2 Kc5 47.
Kd3 Ra6 48. Rdd2 Rda8 49. Rb2 a4 50. Rg2 axb3 51. axb3 Ra1 52. Rgf2 R8a3 53.
Rfd2 Rc1 54. Rdc2 Raa1 55. Rxc1 Rxc1 56. Kd2 Rc3 57. Ke2 f5 58. Kf2 fxg4 59.
fxg4 e4 60. Ke2 Kd6 61. Rd2 Ke5 62. Rb2 Kf4 63. Rd2 d3+ 64. Kd1 e3 65. Rg2 Rxb3
66. Kc1 Rc3+ 67. Kd1 Ke4 68. Rb2 e2+ 69. Kd2 0-1

[Event "14. Lichtenberger Sommer"]
[Site "14. Lichtenberger Sommer"]
[Date "2015.08.23"]
[Round "9.88"]
[White "Gunkel, Wolfgang"]
[Black "Vural, Argun"]
[Result "1-0"]
[WhiteElo "1647"]
[BlackElo "1567"]
[PlyCount "80"]
[EventDate "2015.??.??"]
[WhiteTeam "SK International Berlin"]
[BlackTeam "SF Friedrichshagen"]

1. e4 Nc6 2. d4 d5 3. e5 Bf5 4. Bb5 e6 5. Nf3 a6 6. Bxc6+ bxc6 7. c3 f6 8. Be3
fxe5 9. Nxe5 Qd6 10. g4 Be4 11. f3 Bxb1 12. Rxb1 Be7 13. h4 Nf6 14. Qa4 O-O 15.
Qxc6 Qd8 16. Qa4 Ne8 17. g5 Bd6 18. f4 g6 19. Qc2 Ng7 20. Qe2 Nf5 21. Kd2 Ng3
22. Qf3 Nxh1 23. Rxh1 Bxe5 24. dxe5 Rc8 25. Qh3 Qd7 26. h5 Qf7 27. hxg6 Qxg6
28. Qg3 Kh8 29. Rh6 Qf7 30. g6 Rg8 31. gxf7 Rxg3 32. Rxe6 Kg7 33. Re8 Kxf7 34.
Rxc8 h5 35. Rxc7+ Kg6 36. Rc6+ Kg7 37. f5 h4 38. Rg6+ Rxg6 39. fxg6 Kxg6 40.
Bf4 Kf5 1-0

[Event "14. Lichtenberger Sommer"]
[Site "14. Lichtenberger Sommer"]
[Date "2015.08.23"]
[Round "9.89"]
[White "Tschirschwitz, Stephan"]
[Black "Woinowski, Michael"]
[Result "0-1"]
[WhiteElo "1551"]
[BlackElo "1748"]
[PlyCount "66"]
[EventDate "2015.??.??"]
[WhiteTeam "Lasker Steglitz-Wilmersdorf"]
[BlackTeam "SC Kreuzberg"]

1. c4 e6 2. d4 d5 3. Nc3 c5 4. e3 Nf6 5. Nf3 a6 6. Bd3 Nc6 7. a3 Be7 8. O-O O-O
9. cxd5 exd5 10. h3 c4 11. Bc2 b5 12. Ne5 Qc7 13. Nxc6 Qxc6 14. Bd2 Be6 15. b4
a5 16. bxa5 Bd8 17. Qb1 Bxa5 18. Rd1 Rfb8 19. Be1 Bc7 20. Bf5 Bd6 21. Bxe6 fxe6
22. a4 bxa4 23. Qc2 Rb3 24. Rdc1 a3 25. Rcb1 Rab8 26. Nd1 Qb6 27. Nc3 Qb7 28.
f3 Rb2 29. Rxb2 Qxb2 30. Qxb2 Rxb2 31. Ra2 Bb4 32. Rxb2 axb2 33. Kf1 Bxc3 0-1

[Event "14. Lichtenberger Sommer"]
[Site "14. Lichtenberger Sommer"]
[Date "2015.08.23"]
[Round "9.90"]
[White "Zesewitz, Maik"]
[Black "Möller, Dirk"]
[Result "1-0"]
[WhiteElo "1652"]
[BlackElo "1571"]
[PlyCount "91"]
[EventDate "2015.??.??"]
[WhiteTeam "SF Friedrichshagen"]
[BlackTeam "SC Kreuzberg"]

1. f4 d5 2. Nf3 g6 3. e3 Bg7 4. d4 Nf6 5. Bd3 O-O 6. O-O Ne4 7. Nbd2 f5 8. Ne5
Nd7 9. Ndf3 c5 10. c3 cxd4 11. cxd4 Nxe5 12. Nxe5 Bxe5 13. fxe5 e6 14. Bd2 Bd7
15. Bb4 Rf7 16. Qe2 Qh4 17. Rf4 Qg5 18. Raf1 h5 19. h4 Qh6 20. Kh2 g5 21. hxg5
Qxg5 22. Be1 Qh6 23. Rh4 Rh7 24. Rf3 Kh8 25. Rfh3 Be8 26. Bg3 Bf7 27. Bf4 Qg7
28. Bxe4 dxe4 29. Rg3 Qf8 30. Bg5 Rh6 31. Bxh6 Qxh6 32. Rgh3 Kg7 33. g4 f4 34.
exf4 Qxf4+ 35. Kg2 Rg8 36. Qe3 Qxe3 37. Rxe3 Be8 38. gxh5 Kh6+ 39. Kf2 Rf8+ 40.
Kg3 Bc6 41. Rf4 Rf5 42. Rxf5 exf5 43. Kf4 Bd7 44. d5 Kxh5 45. e6 Be8 46. d6 1-0

[Event "14. Lichtenberger Sommer"]
[Site "14. Lichtenberger Sommer"]
[Date "2015.08.23"]
[Round "9.91"]
[White "Koerber, Bernhard"]
[Black "Mildenberger, Hans"]
[Result "0-1"]
[WhiteElo "1603"]
[BlackElo "1631"]
[PlyCount "66"]
[EventDate "2015.??.??"]
[WhiteTeam "Lasker Steglitz-Wilmersdorf"]
[BlackTeam "SG BVG Helmholz 55 (FV Schach)"]

1. e4 e6 2. d4 d5 3. Nc3 Bb4 4. e5 Ne7 5. a3 Bxc3+ 6. bxc3 c5 7. a4 Nbc6 8. Nf3
O-O 9. Bd3 h6 10. Ba3 c4 11. Be2 Qa5 12. Qd2 Bd7 13. O-O Rfe8 14. Rfb1 Qc7 15.
Bd6 Qc8 16. a5 Nb8 17. Qc1 Nf5 18. Bc5 Na6 19. Ba3 Bc6 20. g4 Ne7 21. Nh4 Kh7
22. g5 Qd8 23. gxh6 gxh6 24. Bh5 Rg8+ 25. Kh1 Ng6 26. Nxg6 fxg6 27. Bg4 Qe8 28.
Qe3 Qf7 29. Bc1 g5 30. h4 Qg6 31. hxg5 hxg5 32. Qh3+ Kg7 33. Bxe6 Rh8 0-1